Click the Kendrick Lamar Song Title Ending - Statistics

General Stats
  • This quiz has been taken 1,013 times
  • The average score is 22 of 25
Answer Stats
Hint Answer % Correct
Not Like Us
97%
m.A.A.d City
96%
Meet The Grahams
96%
B*tch Don't Kill My Vibe
96%
Poetic Justice
95%
Count Me Out
95%
King Kunta
93%
The Art Of Peer Pressure
92%
Sing About Me, I'm Dying Of Thirst
92%
United in Grief
91%
Wesley's Theory
91%
Money Trees
91%
All The Stars
90%
These Walls
90%
Ignorance Is Bliss
89%
Purple Hearts
86%
Silent Hill
84%
Sherane a.k.a Master Splinter's Daughter
83%
Barbed Wire
82%
Mother I Sober
81%
Rich Spirit
79%
Worldwide Steppers
78%
Ronald Reagan Era
77%
Average Joe
71%
Black Boy Fly
65%
No matching quizzes found
Score Distribution
Percent of People with Each Score
Percentile by Number Answered
Your Score History
You have not taken this quiz